No soy un serial killer /
Para John Cleaver los cadáveres son cosa de todos los días. Es más, le gustan: los muertos no necesitan esa empatía que él es incapaz de sentir. Pero eso no es todo, además está obsesionado con los asesinos seriales, así que, por su bien y por la seguridad de las personas que lo rodean, su vida se r...
Guardado en:
| Autor Principal: | |
|---|---|
| Otros Autores: | |
| Formato: | Libro |
| Publicado: |
Buenos Aires :
V&R,
2015.
|
| Materias: | |
| Etiquetas: |
Agregar Etiqueta
Sin Etiquetas, Sea el primero en etiquetar este registro!
|
| LEADER | 01133nam a22002415a 4500 | ||
|---|---|---|---|
| 001 | CEM.cems020037 | ||
| 008 | 230426s2015####ag############000#0#####d | ||
| 005 | 20230426123643.0 | ||
| 245 | 1 | 0 | |a No soy un serial killer / |c Dan Wells; traducido por Mariana Pedroza. |
| 260 | |a Buenos Aires : |b V&R, |c 2015. | ||
| 300 | |a 328 p. | ||
| 500 | |a Primer libro de la saga John Cleaver. | ||
| 520 | |a Para John Cleaver los cadáveres son cosa de todos los días. Es más, le gustan: los muertos no necesitan esa empatía que él es incapaz de sentir. Pero eso no es todo, además está obsesionado con los asesinos seriales, así que, por su bien y por la seguridad de las personas que lo rodean, su vida se rige por reglas que él mismo se impone. Tal vez así pueda evitar que su monstruo interno salga a la luz | ||
| 020 | |a 9789876129947 | ||
| 100 | 1 | |a Wells, Dan. | |
| 700 | 1 | |a Pedroza, Mariana; trad. | |
| 082 | 0 | 4 | |a 813.5 |
| 653 | |a Literatura | ||
| 653 | |a Literatura de terror | ||
| 653 | |a Novelas | ||
| 653 | |a Novelas eeuu-siglo 20 | ||
| 653 | |a Literatura estadounidense | ||
| 859 | |a CEMS |b BIB. CEMS - 11 de abril |h 813.5 |i W462 |p 29412.23 |t Ej.1 | ||
